| 000 | 01059nam1a22002771 4500 | ||
|---|---|---|---|
| 001 | rc\2214933 | ||
| 005 | 20110829170402.0 | ||
| 035 | _a(NLR Aleph) 006488679 | ||
| 090 |
_a6109346 _c6109346 |
||
| 100 | _a20110829d1979 |||y0rusy50 ca | ||
| 101 | 0 | _arus | |
| 102 | _aRU | ||
| 105 | _ay z ||||| | ||
| 200 | 1 |
_aПропаганда и социальное управление _fАН СССР, Ин-т социол. исслед. "Таганрог-II" _gАвт. исслед. Н.Е. Чернакова и др. _gРуководители: И.Т. Левыкин, Н.С. Мансуров |
|
| 210 |
_aМосква _cБ. и. _d1979 |
||
| 215 | _d20 | ||
| 300 | _aОписано по обороту тит. л. На тит. л. и обл. только част. загл. вып. | ||
| 333 | _aДСП | ||
| 702 | 1 |
_aЛевыкин _bИ. Т. _4570 |
|
| 702 | 1 |
_aЧернакова _bН. Е. _4570 |
|
| 702 | 1 |
_aМансуров _bН. С. _4570 |
|
| 801 | 0 |
_aRU _bNLR _gpsbo |
|
| 801 | 1 |
_aRU _bELAR _2rusmarc |
|
| 852 |
_aNLR _j79-50К/4884 |
||
| 942 | _cBOOK | ||
| 980 | _aNB | ||